[Event "TUR-chT 1st League"]
[Site "Ankara"]
[Date "2025.07.18"]
[Round "7.17"]
[White "Acarbay, Algi"]
[Black "Seker, Bilgesu"]
[Result "1/2-1/2"]
[WhiteElo "2009"]
[BlackElo "1871"]
[PlyCount "67"]
[EventDate "2025.07.14"]
[EventType "team-swiss"]
[EventRounds "9"]
[EventCountry "TUR"]
[SourceTitle "CB30_2025"]
[SourceDate "2025.07.23"]
[SourceVersion "1"]
[SourceVersionDate "2025.07.23"]
[SourceQuality "1"]
[WhiteTeam "Yildiz Satranc"]
[BlackTeam "Akcakoca Satranc"]
[WhiteTeamCountry "TUR"]
[BlackTeamCountry "TUR"]

1. d4 Nf6 2. Bf4 g6 3. Nc3 d5 4. e3 a6 5. h4 h5 6. Qd2 Bg7 7. Nf3 0-0 8. Ne5 Nbd7 9. f3 c5 10. Be2 Qa5 11. Kf2 Rd8 12. Rag1 Nf8 13. g4 Ne6 14. Bg5 cxd4 15. exd4 Qb4 16. Be3 hxg4 17. h5 Nxh5 18. fxg4 Nf6 19. Qd3 Ne4+ 20. Nxe4 Bxe5 21. c3 Qa4 22. Ng5 Nxg5 23. Bxg5 Bg7 24. Qh3 Kf8 25. Qh7 Bf6 26. Bh6+ Ke8 27. g5 Bxd4+ 28. cxd4 Qxd4+ 29. Ke1 Qb4+ 30. Kf2 Qf4+ 31. Ke1 Qb4+ 32. Kf2 Qf4+ 33. Ke1 Qb4+ 34. Kf2 1/2-1/2

[Event "EU-ch (Women) 25th"]
[Site "Rhodes"]
[Date "2025.04.11"]
[Round "11"]
[White "Acarbay, Algi"]
[Black "Karadas, Hena"]
[Result "1-0"]
[WhiteElo "2051"]
[BlackElo "1932"]
[PlyCount "101"]
[EventDate "2025.03.31"]
[EventType "swiss"]
[EventRounds "11"]
[EventCountry "GRE"]
[SourceTitle "CB16_2025"]
[SourceDate "2025.04.16"]
[SourceVersion "1"]
[SourceVersionDate "2025.04.16"]
[SourceQuality "1"]

1. e4 c5 2. Nc3 Nc6 3. Nge2 Nf6 4. g3 g6 5. Bg2 Bg7 6. 0-0 h5 7. h3 d6 8. Nd5 0-0 9. d3 e6 10. Nxf6+ Qxf6 11. c3 Rb8 12. Be3 b5 13. Qd2 Qd8 14. d4 cxd4 15. cxd4 b4 16. Rac1 Ne7 17. b3 Ba6 18. Rfd1 d5 19. e5 Qb6 20. g4 hxg4 21. hxg4 f5 22. exf6 Rxf6 23. Nf4 Rbf8 24. Nd3 Bxd3 25. Qxd3 Nc8 26. Rc2 Nd6 27. Bg5 Qb5 28. Qe3 Qd7 29. Bxf6 Bxf6 30. Rdc1 Nb5 31. Rd1 g5 32. Rcd2 a6 33. Re1 Kf7 34. f4 gxf4 35. Qxf4 Ke7 36. Qe3 Rg8 37. Bf3 Bg5 38. Qd3 Bxd2 39. Qxd2 Qd6 40. Kg2 Nc3 41. Re5 Kd7 42. Qh6 Qe7 43. g5 Qf7 44. Bh5 Qe7 45. Bg4 Kc7 46. Bxe6 Rd8 47. Bxd5 Qd7 48. Bf3 Qd6 49. Re6 Qxd4 50. Rc6+ Kb8 51. Rb6+ 1-0

[Event "EU-ch (Women) 25th"]
[Site "Rhodes"]
[Date "2025.04.02"]
[Round "3"]
[White "Velikic, Adela"]
[Black "Acarbay, Algi"]
[Result "1-0"]
[WhiteElo "2214"]
[BlackElo "2051"]
[PlyCount "119"]
[EventDate "2025.03.31"]
[EventType "swiss"]
[EventRounds "11"]
[EventCountry "GRE"]
[SourceTitle "CB16_2025"]
[SourceDate "2025.04.16"]
[SourceVersion "1"]
[SourceVersionDate "2025.04.16"]
[SourceQuality "1"]

1. d4 d5 2. c4 c6 3. Nf3 Nf6 4. e3 Bf5 5. Nc3 e6 6. Nh4 Bg6 7. Qb3 Qc7 8. Nxg6 hxg6 9. g3 Nbd7 10. Bg2 Nb6 11. cxd5 exd5 12. Qc2 Bd6 13. b3 0-0 14. 0-0 Rfe8 15. Bd2 Re7 16. Rad1 Rae8 17. f3 Bb4 18. Bc1 Nc8 19. a3 Bxc3 20. Qxc3 Nd6 21. Rfe1 Qd7 22. a4 Nf5 23. Qd3 Qd8 24. Bh3 Nd6 25. Ba3 g5 26. g4 g6 27. Bg2 Re6 28. Re2 Qb6 29. Rde1 a6 30. h3 Nc8 31. Bc5 Qc7 32. e4 Qg3 33. e5 Nd7 34. Bb4 Kg7 35. Bd2 Rh8 36. Bxg5 Rxh3 37. Bf4 Qxf4 38. Bxh3 Qg3+ 39. Bg2 Ne7 40. Qe3 Qh4 41. Bh1 g5 42. Rh2 Qg3+ 43. Bg2 Ng6 44. Rh3 Qf4 45. Rh5 Qxe3+ 46. Rxe3 Nf4 47. Rxg5+ Rg6 48. Rf5 Ne6 49. Rd3 a5 50. Kf2 Nb8 51. Bh3 Rh6 52. Kg3 Na6 53. f4 Nb4 54. Rd2 c5 55. dxc5 Nxc5 56. Bg2 Nxb3 57. Rxd5 Nxd5 58. Bxd5 Nc5 59. Rxf7+ Kh8 60. Rf8+ 1-0

[Event "Titled Tuesday intern op 25th Mar Early"]
[Site "Chess.com INT"]
[Date "2025.03.25"]
[Round "2"]
[White "Acarbay, Algi"]
[Black "Chitlange, Sakshi"]
[Result "1-0"]
[WhiteElo "2052"]
[BlackElo "2211"]
[PlyCount "93"]
[EventDate "2025.03.25"]
[EventType "swiss (blitz)"]
[EventRounds "11"]
[EventCountry "USA"]
[SourceTitle "CB14_2025"]
[SourceDate "2024.11.01"]
[SourceVersion "1"]
[SourceVersionDate "2024.11.01"]
[SourceQuality "1"]

1. e4 c6 2. d4 d5 3. e5 c5 4. dxc5 e6 5. a3 Bxc5 6. b4 Be7 7. Bb2 Nh6 8. Bd3 Nd7 9. Nd2 f6 10. Qh5+ Nf7 11. Ngf3 g6 12. Qh4 fxe5 13. Qg3 Bf6 14. Bb5 e4 15. Nd4 e5 16. Ne6 Qb6 17. Bxd7+ Bxd7 18. Nc5 Bf5 19. 0-0 Qc7 20. Rac1 b6 21. Ncb3 Rc8 22. c4 d4 23. Rfe1 Qb7 24. Re2 Bg5 25. Rce1 Bf4 26. Qh4 h5 27. Nxe4 g5 28. Nxg5 Bxg5 29. Rxe5+ Kf8 30. Qxd4 Nxe5 31. Qxe5 Rh7 32. Qxf5+ Rf7 33. Qxg5 Qc6 34. Nd4 Qf6 35. Qxf6 Rxf6 36. Ne6+ Kf7 37. Bxf6 Kxf6 38. Nd4 Rxc4 39. Nf3 Rc3 40. Ra1 b5 41. h3 Kf5 42. Nd4+ Ke4 43. Nxb5 Rc2 44. Nxa7 Kd3 45. b5 Ke2 46. Rb1 Rb2 47. Rxb2+ 1-0

[Event "Titled Tuesday intern op 25th Mar Early"]
[Site "Chess.com INT"]
[Date "2025.03.25"]
[Round "5"]
[White "Acarbay, Algi"]
[Black "Van der Hagen, Loek"]
[Result "1-0"]
[WhiteElo "2052"]
[BlackElo "2300"]
[PlyCount "69"]
[EventDate "2025.03.25"]
[EventType "swiss (blitz)"]
[EventRounds "11"]
[EventCountry "USA"]
[SourceTitle "CB14_2025"]
[SourceDate "2024.11.01"]
[SourceVersion "1"]
[SourceVersionDate "2024.11.01"]
[SourceQuality "1"]

1. e4 g6 2. d4 Bg7 3. Nf3 d6 4. h3 Nf6 5. Nc3 0-0 6. Be2 c6 7. a4 Re8 8. Be3 Qc7 9. 0-0 e5 10. d5 Nbd7 11. Nd2 cxd5 12. exd5 h6 13. Nc4 a6 14. a5 g5 15. Nb6 Nxb6 16. axb6 Qb8 17. Na4 Bd7 18. c4 Nh7 19. c5 Bxa4 20. Rxa4 f5 21. c6 f4 22. c7 Qc8 23. Bc1 e4 24. Bg4 Nf6 25. Bxc8 Raxc8 26. b3 Nd7 27. Qc2 Nxb6 28. Rxe4 Rxe4 29. Qxe4 Rxc7 30. Qe6+ Rf7 31. Qxd6 Nc8 32. Qd8+ Rf8 33. Qd7 b5 34. Ba3 Nb6 35. Qe6+ 1-0

[Event "Titled Tuesday intern op 04th Feb Late"]
[Site "Chess.com INT"]
[Date "2025.02.04"]
[Round "4"]
[White "Garcia Garcia, Adrian Antonio"]
[Black "Acarbay, Algi"]
[Result "1-0"]
[WhiteElo "2140"]
[BlackElo "2037"]
[PlyCount "67"]
[EventDate "2025.02.04"]
[EventType "swiss (blitz)"]
[EventRounds "11"]
[EventCountry "USA"]
[SourceTitle "CB07_2025"]
[SourceDate "2025.02.12"]
[SourceVersion "1"]
[SourceVersionDate "2025.02.12"]
[SourceQuality "1"]

1. e4 c5 2. Nf3 d6 3. c3 Nf6 4. Be2 Bg4 5. 0-0 e6 6. h3 Bh5 7. d3 Be7 8. Nbd2 0-0 9. a4 Nc6 10. Nc4 a6 11. Ne3 d5 12. exd5 exd5 13. d4 c4 14. Nf5 Bg6 15. Nxe7+ Qxe7 16. Bg5 h6 17. Bh4 Qd6 18. Bg3 Qd7 19. Ne5 Qf5 20. Bg4 Nxg4 21. hxg4 Qf6 22. Nd7 Qe7 23. Nxf8 Rxf8 24. Re1 Qf6 25. Be5 Qh4 26. Bg3 Qf6 27. b3 cxb3 28. Qxb3 Na5 29. Qb4 b6 30. Be5 Qh4 31. Qxb6 Nc4 32. Qc6 Qxg4 33. Qxd5 Be4 34. Qxe4 1-0

[Event "Titled Tuesday intern op 04th Feb Late"]
[Site "Chess.com INT"]
[Date "2025.02.04"]
[Round "7"]
[White "Zampronha, Wladimir Camilo"]
[Black "Acarbay, Algi"]
[Result "1-0"]
[WhiteElo "2157"]
[BlackElo "2037"]
[PlyCount "31"]
[EventDate "2025.02.04"]
[EventType "swiss (blitz)"]
[EventRounds "11"]
[EventCountry "USA"]
[SourceTitle "CB07_2025"]
[SourceDate "2025.02.12"]
[SourceVersion "1"]
[SourceVersionDate "2025.02.12"]
[SourceQuality "1"]

1. e4 c5 2. Nf3 d6 3. d4 cxd4 4. Nxd4 Nf6 5. Nc3 a6 6. Bg5 e6 7. f4 Be7 8. Qf3 Qc7 9. 0-0-0 Nbd7 10. Bd3 b5 11. Rhe1 b4 12. Nd5 Nxd5 13. exd5 Bxg5 14. dxe6 Bb7 15. exd7+ Kxd7 16. Qg4+ 1-0

[Event "Munich op-A 2nd"]
[Site "Munich"]
[Date "2024.05.31"]
[Round "7"]
[White "Acarbay, Algi"]
[Black "Peycheva, Gergana"]
[Result "0-1"]
[WhiteElo "1971"]
[BlackElo "2295"]
[PlyCount "78"]
[EventDate "2024.05.26"]
[EventType "swiss"]
[EventRounds "9"]
[EventCountry "GER"]
[SourceTitle "CBM 220 Extra"]
[Source "ChessBase"]
[SourceDate "2024.07.31"]
[SourceVersion "1"]
[SourceVersionDate "2024.07.31"]
[SourceQuality "1"]

1. e4 c6 2. Nf3 d5 3. Nc3 dxe4 4. Nxe4 Nf6 5. Nxf6+ exf6 6. Bc4 Bd6 7. Qe2+ Qe7 8. Qxe7+ Kxe7 9. 0-0 Rd8 10. Re1+ Kf8 11. d3 Nd7 12. Nd2 b5 13. Bb3 a5 14. a3 Bb7 15. Ne4 Be7 16. Bf4 Ne5 17. a4 Bc8 18. Be3 b4 19. Bc5 Bxc5 20. Nxc5 h5 21. f4 Ng6 22. g3 Ne7 23. c3 Rb8 24. d4 Bf5 25. Re3 bxc3 26. bxc3 Bg4 27. Rae1 Nf5 28. Rd3 h4 29. Kg2 hxg3 30. hxg3 g6 31. Rd2 Kg7 32. Bd1 Bxd1 33. Rdxd1 Rb2+ 34. Kf3 Rdb8 35. Rc1 Rh8 36. Rb1 Rc2 37. Rec1 Rch2 38. Rb7 Re8 39. Ne4 Rxe4 0-1